MAASAI MARA UNIVERSITY

LIBRARY CATALOGUE

Contact Us: +254 020 2685356/7 or 0774 057787

Box: 861-20500, NAROK, KENYA

Email: info@mmarau.ac.ke

Pelcczar,Michael J. (Record no. 4420)

MARC details
000 -LEADER
fixed length control field 00405nam a2200145Ia 4500
008 - FIXED-LENGTH DATA ELEMENTS--GENERAL INFORMATION
fixed length control field 151015s9999 xx 000 0 und d
020 ## - INTERNATIONAL STANDARD BOOK NUMBER
International Standard Book Number 70492298
050 ## - LIBRARY OF CONGRESS CALL NUMBER
Classification number QR41.2 .P4 1997
245 ## - TITLE STATEMENT
Title Pelcczar,Michael J.
250 ## - EDITION STATEMENT
Edition statement _Microbiology Michael J.Pelczar
300 ## - PHYSICAL DESCRIPTION
Extent New York McGraw -Hill book 1997
500 ## - GENERAL NOTE
General note Includes index.
650 ## - SUBJECT ADDED ENTRY--TOPICAL TERM
Topical term or geographic name as entry element _Microbiology
700 ## - ADDED ENTRY--PERSONAL NAME
Personal name ^d20130515 05:45:52^oanne

No items available.

© 2016 Maasai Mara University.